| 000 | 01420nam a2200313 a 4500 | ||
|---|---|---|---|
| 001 | 000016222 | ||
| 005 | 20240229073828.0 | ||
| 008 | 100301s2009 dr r 001 0 spa d | ||
| 040 |
_aDO-SdBNP _bspa _cBNPHU |
||
| 082 |
_a364.1323 _bR811c, 2009 |
||
| 100 | 1 |
_aRosell, Pedro _935981 |
|
| 245 | 1 | 0 |
_aCrímenes y délitos contra la cosa pública / _cPedro Rosell; edición ampliada, revisa y actualizada por Raymundo Amaro Guzmán. |
| 250 | _a3ª ed. | ||
| 260 |
_aSanto Domingo : _bSEAP, _c2009. |
||
| 300 |
_a460 p. ; _c22 cm. |
||
| 490 | 1 | _aEstudios jurídicos | |
| 504 | _aIncluye bibliografía y notas al pie de páginas. | ||
| 504 | _aBibliografía: [p. 453-454] | ||
| 505 | 0 |
_gPresentación -- _gGeneralidades -- _tCrímenes y delitos contra la seguridad del Estado -- _tCrímenes y delitos contra la Constitución -- _tCrímenes y delitos contra la paz pública -- _gBibliografía -- |
|
| 650 | 4 |
_aDelitos contra la seguridad pública _zRepública Dominicana _935982 |
|
| 650 | 4 |
_aDelitos de los funcionarios _zRepública Dominicana _910281 |
|
| 650 | 4 |
_aDelitos contra la administración pública _911654 |
|
| 650 | 4 |
_aDelitos contra la autoridad pública _935983 |
|
| 650 | 4 |
_aDesacato a la autoridad _935984 |
|
| 650 | 4 |
_aDerecho penal _zRepública Dominicana _916470 |
|
| 700 | 1 |
_aAmaro Guzmán, Raymundo _epról. _9656 |
|
| 830 | 0 |
_aEstudios jurídicos _98442 |
|
| 910 | _aValidado. Control de calidad. EMS | ||
| 999 |
_c15760 _d15760 |
||